Vista normal
Vista MARC
Entrada Personal Name
Número de registros utilizados en: 3
001 - CONTROL NUMBER
- control field: 5207
003 - CONTROL NUMBER IDENTIFIER
- control field: DLC
005 - DATE AND TIME OF LATEST TRANSACTION
- control field: 20240814133213.0
008 - FIXED-LENGTH DATA ELEMENTS
- fixed length control field: 790725n| azannaabn |a aaa
010 ## - LIBRARY OF CONGRESS CONTROL NUMBER
- LC control number: n 79083024
035 ## - SYSTEM CONTROL NUMBER
- System control number: (OCoLC)oca00315541
040 ## - CATALOGING SOURCE
- Original cataloging agency: DLC
- Language of cataloging: spa
- Description conventions: rda
- Transcribing agency: Mx-PuUPA
- Modifying agency: DLC
- Modifying agency: OCoLC
- Modifying agency: DLC
- Modifying agency: TxU
- Modifying agency: Mx-PuUPA
053 #0 - LC CLASSIFICATION NUMBER
- Classification number element--single number or beginning number of span: PQ7298.428.O2877
100 1# - HEADING--PERSONAL NAME
- Personal name: Rodríguez Araujo, Octavio,
373 ## - ASSOCIATED GROUP
- Associated group: Universidad Nacional Autónoma de México. Facultad de Ciencias Políticas y Sociales
- Source of term: naf
374 ## - OCCUPATION
- Occupation: Profesor universitario
- Occupation: Novelista
- Occupation: Autor
- Source of term: lcsh
375 ## - GENDER
- Gender: hombre
377 ## - ASSOCIATED LANGUAGE
- Language code: spa
400 1# - SEE FROM TRACING--PERSONAL NAME
- Personal name: Araujo, Octavio Rodríguez
670 ## - SOURCE DATA FOUND
- Source citation: His La reforma política y los partidos en México, 1979:
- Information found: t.p. (Octavio Rodríguez Araujo) p. 4 of cover (Prof., Facultad de Ciencias Políticas y Sociales, Univ. Nac. Aut. de México)
670 ## - SOURCE DATA FOUND
- Source citation: Entre pasiones y extravíos, 2012:
- Information found: t.p. (Octavio Rodríguez Araujo; member of the Academia Mexicana de Ciencias; has written two works of fiction, this is his second)
675 ## - SOURCE DATA NOT FOUND
- Source citation: Dicc. Porrúa, 1971;
- Source citation: Dicc. biog. de Méx., c1970;
- Source citation: Dicc. biog. de Chile, 1980-82.